Mikrobiologie pro posluchače studijního oboru technologie vody /

Hlavní autor: Kunc, František, 1935-
Korporativní autor: Vysoká škola chemicko-technologická v Praze. Fakulta technologie ochrany prostředí
Další autoři: Ottová, Vlasta
Jazyk: Čeština
Vydáno: Praha : Vysoká škola chemicko-technologická, 1997
Vydání: Vyd. 3.
Témata:
Externí odkaz: Digitalizovaný dokument
Fyzický popis: 174 s. : il. ; 27 cm
Knihy
Uloženo v:
LEADER 01842nam a2200409 a 4500
001 000131436
003 CZ BrMZK
005 20210329110604.0
007 ta
008 010907s1997 xr e p 0 cze d
015 |a cnb000202900 
020 |a 80-7080-270-7 
035 |a (OCoLC)84929578 
040 |a BOA001  |b cze 
072 7 |a 579  |x Mikrobiologie  |2 Konspekt  |9 2 
072 7 |a 37.016  |x Učební osnovy. Vyučovací předměty. Učebnice  |2 Konspekt  |9 22 
080 |a 579.68  |2 MRF 
080 |a (075.8)  |2 MRF 
100 1 |a Kunc, František,  |d 1935-  |7 jo20000069657  |4 aut 
245 1 0 |a Mikrobiologie pro posluchače studijního oboru technologie vody /  |c František Kunc, Vlasta Ottová 
250 |a Vyd. 3. 
260 |a Praha :  |b Vysoká škola chemicko-technologická,  |c 1997 
300 |a 174 s. :  |b il. ;  |c 27 cm 
504 |a Obsahuje bibliografii 
521 8 |a Určeno pro posluchače fakulty technologie ochrany prostředí 
500 |a Dostupné též v digitální podobě v aplikaci Kramerius 
650 0 7 |a mikrobiologie vody  |7 ph136725  |2 czenas 
655 7 |a učebnice vysokých škol  |7 fd133772  |2 czenas 
700 1 |a Ottová, Vlasta  |7 jx20050719110  |4 aut 
710 2 |a Vysoká škola chemicko-technologická v Praze.  |b Fakulta technologie ochrany prostředí  |7 kn20010710070 
856 4 1 |u http://www.digitalniknihovna.cz/mzk/uuid/uuid:c9cdeb60-3eab-11ef-b3c2-0050568d319f  |y Digitalizovaný dokument  |x NDK 
910 |a BOA001  |b TK-A-0260.412  |b 4-1029.689 
920 |a 000140180 
990 |a BK 
996 7 |b 2610047966  |c 4-1029.689  |l MZK  |r Sklad / do 1 hodiny  |n 20  |p p.v.  |w 000131436  |u 000030  |a 1  |e BOA001  |j MZK50  |s A 
996 7 |b 2620006288  |c TK-A-0260.412  |l MZK  |r Sklad / do 24 hodin  |n 12  |p kup  |w 000131436  |u 000010  |a 1  |e BOA001  |j MZK50  |s A 
996 7 |b 2620006289  |c TK-A-0260.412  |l MZK  |r Sklad / do 24 hodin  |n 12  |p kup  |w 000131436  |u 000020  |a 1  |e BOA001  |j MZK50  |s A